Los sistemas de innovación nacionales y la teoría del desarrollo /

Aquí se estudian los aspectos más relevantes de la teoría sobre el sistema de innovación nacional (SIN). Este término fue formulado originalmente para explicar el dinamismo tecnológico de los países desarrollados, en particular Japón. Se intenta evaluar y relacionar el concepto dentro de una tradici...

全面介紹

Guardado en:
書目詳細資料
主要作者: Rivera Rios, Miguel Angel
其他作者: caballero Hernández, René
格式: Texto
主題:
標簽: 添加標簽
沒有標簽, 成為第一個標記此記錄!

MARC

LEADER 00000 a a2200000 04500
001 42397
003
040
100 |a Rivera Rios, Miguel Angel  
245 |a Los sistemas de innovación nacionales y la teoría del desarrollo /  |c Miguel Angel Rivera Rios; Rene Caballero Hernández  
520 |a Aquí se estudian los aspectos más relevantes de la teoría sobre el sistema de innovación nacional (SIN). Este término fue formulado originalmente para explicar el dinamismo tecnológico de los países desarrollados, en particular Japón. Se intenta evaluar y relacionar el concepto dentro de una tradición teórica que es la economía del desarrollo. El enfoque del SIN sigue siendo una herramienta útil, que necesita incorporar los siguientes elementos: una visión abierta, que vaya desde el nivel micro hasta el plano supra-nacional; ampliar la definición de innovación que acepte no sólo las organizacionales e institucionales, sino también las innovaciones incrementales; un estudio a fondo de las características del conocimiento (viscosidad, tacitez, codificación) y de la forma como esas características afectan su flujo entre los distintos agentes del sistema.  
650 |a CAMBIO TECNOLOGICO  
650 |a INNOVACIONES  
650 |a PAISES EN DESARROLLO  
650 |a DESARROLLO ECONOMICO  
650 |a TEORIA DEL DESARROLLO  
700 |a caballero Hernández, René  
773 |g volumen34, número134 ( , 2003), páginas 9-33  
999 |c 38626  |d 38626